Chargement en cours...

India through ages : vol.5

Détails bibliographiques
Autres auteurs: Sareen,T.R, Bakshi, S.R
Format: Printed Book
Publié: New Delhi Anmol 1992
Sujets:
LEADER 00457cam a2200157ua 4500
020 |a 81-7041-636-1 
082 |a 934  |b IND.5 
245 1 0 |a India through ages : vol.5 
260 |a New Delhi  |b Anmol  |c 1992 
300 |a viii,379p. 
650 0 |a History - India 
700 0 2 |a Sareen,T.R 
700 0 2 |a Bakshi, S.R 
942 |c BK 
999 |c 1761  |d 1761 
952 |0 0  |1 0  |4 0  |6 934_000000000000000_IND  |7 0  |9 1827  |a KUCL  |b KUCL  |d 2014-05-23  |l 0  |o 934 IND.  |p 04883  |r 2014-05-23  |w 2014-05-23  |y BK